000 00846na a2200253 4500
001 17254
003 MIRAKIL
005 20181213155119.0
008 161023b tu 000 0
035 _a17254
040 _aMilas
_btur
_cTR-AnCHP
041 _atur
082 _a301.09561
_bA14 2005
090 _a301.09561 A14 2005
245 _aAçık toplum
_b2001-2005
_cyay.haz. Hakan Altınay [ve öte..]
246 _a...kısacası, mutlak ve total doğrular dışında farklı olana açık çoğulcu, demokratik, özgür toplum
250 _agünc. 2 bs.
260 _aİstanbul
_bAçık Toplum Enstitüsü Türkiye Temsilciliği
_c2005
300 _a156 s.
_bfotg. ; res.
_c22 sm.
650 _aİnsan hakları
_xAçık toplum
_zTürkiye
650 _aSosyal araştırmalar
_zTürkiye
700 _aAltınay, Hakan
942 _2ddc
_cBKS
999 _c6786
_d6786